00694 am a2200241 x 45000010008000000080041000080150013000490200015000620410011000770500011000880820017000991000028001162400025001442450056001692600063002252600009002883000021002973500011003185040047003295460032003766500023004087000021004311183420320301s1981 enk w 00110 eng  aB8207294 a014044568410aengger00aHB97.500a335.4/1221910aMarx, Karl,d1818-1883.24aDas KapitallEnglish10aCapitalba critique of political economycKarl Marx aHarmondsworthbPenguin in association with New Left review c1981 a1152pc20cmepbk00a£6.9500aBibliography: p1050-1065. - Includes index00aTranslation of: Das Kapital 0aMarxian economics.11aFernbach, David.